00459nam a2200157Ia 4500003000400000008004100004040001600045082001600061100002500077245006600102260005300168300000900221490003000230650001700260650002400277GCL140319s9999 xx 000 0 eng d aGCL / cGCL04a551.41bA E1 aABOU-EL-ENIN, HASSAN10aESSAIS SUR HA GEOMORPHOBGIE DU HIBAN / cABOU-EL-ENIN, HASSAN a[S.N] : bUNIVERSITE ARABE DE BEYROUTH ، c1980 a27 P aBEIRUT ARAB UNIVERSITYv004aGEOMOPHOLOGY04aLEBANON - MOUNTAINS